[Event "8e Open"]
[Site "Saint-Affrique"]
[Date "2000.07.??"]
[Round "7.15"]
[White "Flouzat, Jean-Marc"]
[Black "Ricbour, Jeremy"]
[Result "1/2-1/2"]
[WhiteElo "2192"]
[BlackElo "1960"]
[PlyCount "61"]
[EventDate "2000.07.??"]

1. d4 d5 2. e3 Bf5 3. c4 e6 4. Qb3 b6 5. Nc3 Nf6 6. Nf3 Be7 7. Ne5 O-O 8. h3 h6
9. g4 Bh7 10. Bg2 c6 11. O-O Nbd7 12. Nxd7 Nxd7 13. cxd5 cxd5 14. Bd2 Nf6 15.
Rfc1 Rc8 16. Nb5 Qd7 17. f3 Rfd8 18. Bf1 Ne8 19. Nc3 Qb7 20. Qa4 a5 21. Qb3 Bb4
22. a3 Bxc3 23. Rxc3 Rxc3 24. Bxc3 Qc7 25. Kg2 Nd6 26. Rc1 Nc4 27. Bxc4 dxc4
28. Qd1 Bd3 29. Qe1 Qd6 30. Qg3 Qxg3+ 31. Kxg3 1/2-1/2

[Event "8e Open"]
[Site "Saint-Affrique"]
[Date "2000.07.??"]
[Round "7.16"]
[White "Roos, Celine"]
[Black "De la Torre, Igor"]
[Result "1/2-1/2"]
[WhiteElo "2176"]
[BlackElo "1960"]
[PlyCount "156"]
[EventDate "2000.07.??"]

1. d4 Nf6 2. c4 g6 3. Nf3 Bg7 4. g3 O-O 5. Bg2 d6 6. Nc3 Nc6 7. O-O e5 8. dxe5
dxe5 9. Qxd8 Rxd8 10. Bg5 Re8 11. Nb5 Re7 12. Rad1 Be6 13. Nd2 a6 14. Bxc6 bxc6
15. Nc3 Ree8 16. b3 Nd7 17. Na4 f5 18. e4 Bf8 19. Be3 Bd6 20. Nb1 f4 21. Bc1
Bh3 22. Rfe1 a5 23. Ba3 Bb4 24. Nac3 24... Bg4 $6 25. f3 Be6 26. Re2 fxg3 27.
hxg3 Rf8 28. Rf2 g5 29. Na4 Rf7 30. Kg2 Raf8 31. Bc1 h6 32. Be3 Bd6 33. Rh1 Kg7
34. Nbc3 Rf6 35. Ne2 g4 36. f4 Bf7 37. f5 Rg8 38. Nc1 Be7 39. c5 Be8 40. Nd3
Rff8 41. Nab2 Nf6 42. Nxe5 Nxe4 43. Rf4 Nf6 44. Nxg4 h5 45. Nxf6 45... Bxf6 {}
46. Bd4 (46. Nc4) 46... Bxd4 47. Rxd4 Rxf5 48. Nd3 Bf7 49. Rhh4 Rd5 50. Rxd5
cxd5 51. Ra4 Ra8 52. Kf2 Be8 53. Rd4 Rd8 54. Nf4 Bf7 55. Ke3 Kf6 56. Ra4 Rg8
57. Ne2 Re8+ 58. Kd2 Ra8 59. b4 Ke5 60. Kc3 Be8 61. Rxa5 Rxa5 62. bxa5 Bb5 63.
Nd4 Bc4 64. a4 Ba6 65. Nb5 c6 66. Nc7 d4+ 67. Kd2 Bc8 68. a6 Ke4 69. a7 Bb7 70.
Ne6 Kd5 71. Nf4+ Kxc5 72. Nxh5 Kb6 73. g4 c5 74. a8=Q Bxa8 75. Nf6 Bb7 76. g5
Bc8 77. g6 Be6 78. g7 Ka5 1/2-1/2

[Event "8e Open"]
[Site "Saint-Affrique"]
[Date "2000.07.28"]
[Round "8.1"]
[White "Fressinet, Laurent"]
[Black "Bricard, Emmanuel"]
[Result "1-0"]
[WhiteElo "2536"]
[BlackElo "2461"]
[PlyCount "75"]
[EventDate "2000.07.??"]

1. e4 e6 2. d4 d5 3. Nc3 Bb4 4. exd5 exd5 5. Bd3 Nc6 6. a3 Bxc3+ 7. bxc3 Qf6 8.
Qh5 Nge7 9. Bg5 Qe6+ 10. Ne2 Qg4 11. Qxg4 Bxg4 12. f3 Bf5 13. Rb1 f6 14. Bd2
O-O-O 15. Kf2 Na5 16. Rhe1 Rhe8 17. Nf4 Bxd3 18. cxd3 Rd7 19. Rb5 Nac6 20. Rxd5
Rxd5 21. Nxd5 Kd7 22. Nxe7 Rxe7 23. Rxe7+ Nxe7 24. c4 c6 25. g4 Ke6 26. Ke3 f5
27. h4 fxg4 28. fxg4 Ng8 29. Kf4 Nf6 30. Bc3 Nd7 31. d5+ cxd5 32. Bxg7 dxc4 33.
dxc4 Nb6 34. c5 Nd7 35. Kg5 Nxc5 36. Kh6 Ne4 37. Kxh7 Nf2 38. g5 1-0

[Event "8e Open"]
[Site "Saint-Affrique"]
[Date "2000.07.??"]
[Round "8.2"]
[White "Flear, Glenn C"]
[Black "Boudre, Jean-Pierre"]
[Result "1-0"]
[WhiteElo "2480"]
[BlackElo "2360"]
[PlyCount "93"]
[EventDate "2000.07.??"]

1. d4 d5 2. c4 c6 3. Nc3 Nf6 4. e3 e6 5. Nf3 Nbd7 6. Bd3 dxc4 7. Bxc4 b5 8. Bd3
Bb7 9. O-O a6 10. e4 c5 11. e5 Nd5 12. a4 cxd4 13. Nxd5 Bxd5 14. axb5 a5 15.
Re1 Bb4 16. Bd2 Nc5 17. Bxb4 axb4 18. Rc1 Qb6 19. Nxd4 O-O 20. Nc6 Bxc6 21.
bxc6 Rfd8 22. Bxh7+ Kxh7 23. Qc2+ Nd3 24. c7 b3 25. cxd8=Q Rxd8 26. Qe2 Nxe1
27. Qxe1 Qd4 28. Rc3 Rd5 29. Rxb3 Rxe5 30. Qb1+ g6 31. g3 Re2 32. Rf3 Kg7 33.
Qc1 Qd5 34. Qc3+ e5 35. Re3 Qd1+ 36. Kg2 Qd5+ 37. Kg1 Qd1+ 38. Kg2 Qd5+ 39. Rf3
g5 40. h3 Kg6 41. b4 Re4 42. Qb3 Rc4 43. Kh2 Qd4 44. g4 e4 45. Rf5 Qd3 46. Qa2
Rc7 47. Rxg5+ 1-0

[Event "8e Open"]
[Site "Saint-Affrique"]
[Date "2000.07.28"]
[Round "8.3"]
[White "Badea, Bela"]
[Black "Collas, Didier"]
[Result "1/2-1/2"]
[WhiteElo "2480"]
[BlackElo "2369"]
[PlyCount "53"]
[EventDate "2000.07.??"]

1. Nf3 c5 2. c4 g6 3. d4 cxd4 4. Nxd4 Nc6 5. e4 Nf6 6. Nc3 d6 7. f3 Nxd4 8.
Qxd4 Bg7 9. Be3 O-O 10. Qd2 Be6 11. Rc1 a6 12. b3 Qa5 13. Be2 Rfc8 14. Na4
Qxd2+ 15. Kxd2 Nd7 16. g4 f5 17. exf5 gxf5 18. g5 d5 19. cxd5 Bxd5 20. Rhd1 b5
21. Nb6 Nxb6 22. Bxb6 Be5 23. h4 h6 24. Ke3 f4+ 25. Kd2 hxg5 26. hxg5 Kg7 27.
Rh1 1/2-1/2

[Event "8e Open"]
[Site "Saint-Affrique"]
[Date "2000.07.28"]
[Round "8.4"]
[White "Fontaine, Robert"]
[Black "Bratanov, Zsivko"]
[Result "1-0"]
[WhiteElo "2449"]
[BlackElo "2400"]
[PlyCount "67"]
[EventDate "2000.07.??"]

1. e4 e5 2. Bc4 Nf6 3. d3 c6 4. Bb3 d5 5. Qe2 Bd6 6. Nf3 O-O 7. O-O Nbd7 8. Bg5
dxe4 9. dxe4 Nc5 10. Nbd2 Qe7 11. Rfd1 Bc7 12. h3 a5 13. c3 h6 14. Bh4 a4 15.
Bc2 Ne6 16. Nc4 b5 17. Ne3 Nf4 18. Qe1 g6 19. Nh2 Kg7 20. Nhg4 g5 21. Bg3 Bb6
22. Nf5+ Bxf5 23. exf5 Nxg4 24. hxg4 Qf6 25. Qe4 h5 26. Bxf4 26... exf4 {} 27.
Rd6 Qxd6 28. f6+ Kxf6 29. Qf5+ Ke7 30. Re1+ Be3 31. fxe3 f3 32. Rd1 Qg3 33.
Qc5+ Ke6 34. Qxc6+ 1-0

[Event "8e Open"]
[Site "Saint-Affrique"]
[Date "2000.07.28"]
[Round "8.5"]
[White "Foisor, Ovidiu"]
[Black "Mollov, Ergin"]
[Result "1/2-1/2"]
[WhiteElo "2404"]
[BlackElo "2432"]
[PlyCount "22"]
[EventDate "2000.07.??"]

1. c4 g6 2. g3 Bg7 3. Bg2 e5 4. Nc3 d6 5. d3 Nc6 6. Rb1 a5 7. a3 Nge7 8. b4
axb4 9. axb4 Nd4 10. b5 O-O 11. Nf3 c6 1/2-1/2

[Event "8e Open"]
[Site "Saint-Affrique"]
[Date "2000.07.??"]
[Round "8.6"]
[White "Santo-Roman, Marc"]
[Black "Guedon, Stephane"]
[Result "1-0"]
[WhiteElo "2418"]
[BlackElo "2282"]
[PlyCount "97"]
[EventDate "2000.07.??"]

1. e4 e6 2. d4 d5 3. Nc3 Bb4 4. e5 c5 5. a3 Bxc3+ 6. bxc3 Qc7 7. Qg4 f5 8. Qg3
cxd4 9. cxd4 Ne7 10. Bd2 O-O 11. Bd3 b6 12. Ne2 Ba6 13. Nf4 Qd7 14. Bxa6 Nxa6
15. h4 Rac8 16. c3 Rf7 17. h5 Kh8 18. Ng6+ Kg8 19. Nf4 Kh8 20. h6 g6 21. a4 Nb8
22. a5 b5 23. a6 Rc6 24. O-O Rxa6 25. Rxa6 Nxa6 26. Ra1 Nb8 27. Nd3 Nc8 28. Bg5
Qe8 29. Nf4 Rd7 30. Qf3 Kg8 31. Rb1 31... Rc7 {} 32. Nxd5 exd5 33. Qxd5+ Kf8
34. Bf6 a6 35. Bg7+ Ke7 36. Bf6+ Kf8 37. Bg7+ Ke7 38. Qf3 Nb6 39. d5 Rc4 40.
Rd1 Qc8 41. Qe3 Qc5 42. Qg5+ Ke8 43. d6 Kd7 44. e6+ Kc8 45. Qe7 Qc6 46. f3 Ra4
47. Qf8+ Kb7 48. e7 N8d7 49. Qf7 1-0

[Event "8e Open"]
[Site "Saint-Affrique"]
[Date "2000.07.28"]
[Round "8.7"]
[White "Foisor, Cristina"]
[Black "Vajda, Albert"]
[Result "1/2-1/2"]
[WhiteElo "2386"]
[BlackElo "2410"]
[PlyCount "25"]
[EventDate "2000.07.??"]

1. Nf3 g6 2. g3 Bg7 3. d4 d5 4. Bg2 Nf6 5. O-O O-O 6. c4 dxc4 7. Na3 Bf5 8.
Nxc4 Be4 9. Ncd2 Bxf3 10. Nxf3 Nc6 11. e3 Nd7 12. Qe2 e5 13. dxe5 1/2-1/2

[Event "8e Open"]
[Site "Saint-Affrique"]
[Date "2000.07.28"]
[Round "8.8"]
[White "Kosten, Anthony"]
[Black "Collas, Silvia"]
[Result "1-0"]
[WhiteElo "2524"]
[BlackElo "2351"]
[PlyCount "67"]
[EventDate "2000.07.??"]

1. c4 e5 2. Nc3 Nc6 3. g3 g6 4. Bg2 Bg7 5. e3 d6 6. Nge2 h5 7. d4 h4 8. d5 Nce7
9. e4 h3 10. Bf1 f5 11. Ng1 f4 12. gxf4 exf4 13. Bxf4 Nf6 14. Qd3 Qd7 15. O-O-O
Qg4 16. Nge2 Nh5 17. Be3 a6 18. Rg1 Qf3 19. Nd4 Qf7 20. Qd2 Be5 21. Ne6 Bxe6
22. dxe6 Qxe6 23. f4 Bxc3 24. Qxc3 Rf8 25. f5 gxf5 26. Bxh3 Qxe4 27. Rde1 Nf4
28. Bf1 Ne6 29. Bh6 Qd4 30. Bxf8 Kxf8 31. Qg3 Kf7 32. Qe3 Qxe3+ 33. Rxe3 Ng6
34. Rxg6 1-0

[Event "8e Open"]
[Site "Saint-Affrique"]
[Date "2000.07.??"]
[Round "8.9"]
[White "Todorov, Ognjan"]
[Black "Marciniak, Alexandre"]
[Result "1-0"]
[WhiteElo "2334"]
[BlackElo "2050"]
[PlyCount "117"]
[EventDate "2000.07.??"]

1. d4 d5 2. Nf3 Nf6 3. c4 c6 4. Qb3 e6 5. Bg5 dxc4 6. Qxc4 Be7 7. Nc3 b5 8. Qb3
Nbd7 9. e3 Bb7 10. Be2 a6 11. a4 b4 12. Bxf6 Nxf6 13. Na2 a5 14. Rd1 O-O 15.
Nc1 Qb6 16. Nd3 c5 17. dxc5 Bxc5 18. Nxc5 Qxc5 19. O-O Rac8 20. Ne1 Bd5 21. Qd3
Bc4 22. Qxc4 Qxc4 23. Bxc4 Rxc4 24. Nf3 Nd5 25. g3 g6 26. Nd4 b3 27. Ra1 Rb8
28. Ra3 Rbb4 29. Nxb3 Rxa4 30. Nxa5 Rxa3 31. Nxc4 Rb3 32. Rd1 Rb4 33. Rc1 Kg7
34. Kf1 h5 35. h4 Kf6 36. Rc2 Nb6 37. Nd2 g5 38. hxg5+ Kxg5 39. Ke2 Kg6 40. b3
h4 41. gxh4 Rxh4 42. Nc4 Nd5 43. Rc1 f5 44. Ne5+ Kf6 45. Nd3 Rh8 46. Rc6 Rb8
47. Nc5 Re8 48. Kd2 Kf7 49. Kc1 Nb4 50. Rb6 Rc8 51. Rxb4 Rxc5+ 52. Rc4 Rb5 53.
b4 e5 54. Kc2 Kf6 55. Kc3 Rd5 56. Rc6+ Kg5 57. Rc5 Rd1 58. Rxe5 Kg4 59. b5 1-0

[Event "8e Open"]
[Site "Saint-Affrique"]
[Date "2000.07.28"]
[Round "8.10"]
[White "Planell, Eric"]
[Black "Gregory, Daniel"]
[Result "1-0"]
[WhiteElo "2300"]
[BlackElo "2040"]
[PlyCount "37"]
[EventDate "2000.07.??"]

1. e4 c5 2. Nf3 d6 3. d4 cxd4 4. Nxd4 Nf6 5. Nc3 a6 6. Bg5 e6 7. f4 b5 8. e5
dxe5 9. fxe5 Qc7 10. Bxf6 gxf6 11. exf6 Qe5+ 12. Be2 Bc5 13. Nb3 Be3 14. Bf3
Ra7 15. Qe2 Nd7 16. Ne4 Bg5 17. O-O Bxf6 18. Nxf6+ Qxf6 19. Bh5 1-0

[Event "8e Open"]
[Site "Saint-Affrique"]
[Date "2000.07.??"]
[Round "8.16"]
[White "Safranska, Anda"]
[Black "Aiglon, Laurent"]
[Result "0-1"]
[WhiteElo "2337"]
[BlackElo "2094"]
[PlyCount "82"]
[EventDate "2000.07.??"]

1. Nf3 c5 2. g3 d5 3. Bg2 Bg4 4. h3 Bf5 5. d3 Nf6 6. O-O Nc6 7. Nh4 Bd7 8. e4
d4 9. f4 e5 10. fxe5 Nxe5 11. Bf4 Qc7 12. Nd2 Be6 13. Ndf3 Bd6 14. Nf5 Bxf5 15.
exf5 O-O 16. Nd2 16... Rad8 {} 17. Nc4 Nxc4 18. dxc4 Bxf4 19. Rxf4 Rfe8 20.
Rf3 Re5 21. g4 Rde8 22. Qf1 Ne4 23. Rd3 Nd6 24. b3 Ne4 25. Qf4 Nc3 26. Bf1 Qe7
27. Rf3 Qh4 28. a4 h5 29. g5 Qxf4 30. Rxf4 Re2 31. Rc1 Rd2 32. h4 Ne2+ 33. Bxe2
Rexe2 34. Kf1 Rh2 35. Kg1 Rde2 36. c3 d3 37. Rf3 d2 38. Rd1 Rxh4 39. f6 Rg4+
40. Kf1 Rge4 41. Kg1 Re1+ 0-1

[Event "8e Open"]
[Site "Saint-Affrique"]
[Date "2000.07.??"]
[Round "8.17"]
[White "Jankovic, Petar"]
[Black "Mancini, Mario"]
[Result "1-0"]
[WhiteElo "2083"]
[BlackElo "2329"]
[PlyCount "58"]
[EventDate "2000.07.??"]

1. e4 c5 2. Nf3 d6 3. d4 cxd4 4. Nxd4 Nf6 5. Nc3 a6 6. Be2 e6 7. Be3 Qc7 8. O-O
b5 9. a3 Bb7 10. Bf3 Nbd7 11. Nde2 Ne5 12. Nf4 Nxf3+ 13. Qxf3 Qc4 14. Rfe1 Nxe4
15. Rad1 15... d5 {} 16. Nxe6 fxe6 17. Qh5+ g6 18. Qe5 O-O-O 19. Qxh8 Nxc3 20.
bxc3 Bb4 21. Qe5 Bxc3 22. Qxe6+ Kb8 23. Qb6 Rg8 24. Bf4+ Ka8 25. Re7 Qc6 26.
Qxc6 Bxc6 27. Rc7 Rf8 28. Bd6 Rf6 29. Rxc6 Be5 1-0

[Event "8e Open"]
[Site "Saint-Affrique"]
[Date "2000.07.??"]
[Round "8.18"]
[White "Mietlicki, Richard"]
[Black "Dezan, Pierre"]
[Result "1-0"]
[WhiteElo "2080"]
[BlackElo "2255"]
[PlyCount "119"]
[EventDate "2000.07.??"]

1. Nf3 d5 2. g3 Bg4 3. Bg2 Nd7 4. d4 c6 5. O-O Ngf6 6. b3 e6 7. Bb2 Bd6 8. Ne5
Bh5 9. Nxd7 Qxd7 10. Nd2 b5 11. Qe1 Qe7 12. e4 Ba3 13. Qc1 Bxb2 14. Qxb2 O-O
15. e5 Nd7 16. b4 Nb6 17. f4 a5 18. a3 Ra6 19. f5 exf5 20. Rxf5 Bg6 21. Rff1
Rfa8 22. c3 Qa7 23. Nb3 Nc4 24. Qe2 Qe7 25. Nc5 R8a7 26. e6 fxe6 27. Rae1 axb4
28. axb4 Ra3 29. Qxe6+ Qxe6 30. Rxe6 Rxc3 31. Rfe1 Nd2 32. Rxc6 Nf3+ 33. Bxf3
Rxf3 34. Rf1 Rxf1+ 35. Kxf1 Bf5 36. h4 Ra2 37. Rb6 Bg4 38. Rb8+ Kf7 39. Rb7+
Kf6 40. Rb6+ Kf5 41. Rb7 Kg6 42. Rb6+ Kh5 43. Rb7 Kh6 44. Kg1 Bh3 45. Rxb5 g5
46. hxg5+ Kxg5 47. Ne4+ Kg4 48. Rxd5 Rg2+ 49. Kf1 Rb2+ 50. Ke1 Bg2 51. Rg5+ Kh3
52. Nf2+ Kh2 53. b5 Bf3 54. Nd3 Re2+ 55. Kf1 Re4 56. Ne5 Bd1 57. Nc6 h6 58. Re5
Rxe5 59. dxe5 Kxg3 60. b6 1-0

[Event "8e Open"]
[Site "Saint-Affrique"]
[Date "2000.07.28"]
[Round "8.74"]
[White "Boissezon, Michel"]
[Black "Porte, Jacques"]
[Result "0-1"]
[WhiteElo "1760"]
[BlackElo "1590"]
[PlyCount "56"]
[EventDate "2000.07.??"]

1. d4 d5 2. c4 c6 3. Nf3 Nf6 4. Nc3 e6 5. e3 Nbd7 6. cxd5 exd5 7. Bd3 Bd6 8.
O-O O-O 9. Qc2 c5 10. Nb5 Be7 11. dxc5 Nxc5 12. Bf5 Nce4 13. Bxc8 Rxc8 14. Qd3
Qb6 15. Nfd4 a6 16. Nf5 Bc5 17. Nc3 Nxc3 18. Qxc3 Rfe8 19. Qd3 Rcd8 20. Rd1 g6
21. Nd4 Re7 22. b3 Rde8 23. Bb2 Ne4 24. Ne2 Nxf2 25. Kxf2 Rxe3 26. Qb1 Rxe2+
27. Kf1 Qb5 28. Rd3 Rf2+ 0-1

[Event "8e Open"]
[Site "Saint-Affrique"]
[Date "2000.07.29"]
[Round "9.1"]
[White "Flear, Glenn C"]
[Black "Fressinet, Laurent"]
[Result "1/2-1/2"]
[WhiteElo "2480"]
[BlackElo "2536"]
[PlyCount "31"]
[EventDate "2000.07.??"]

1. d4 d5 2. c4 c6 3. Nc3 Nf6 4. e3 e6 5. Nf3 Nbd7 6. Bd3 dxc4 7. Bxc4 b5 8. Bd3
Bb7 9. O-O a6 10. e4 c5 11. e5 cxd4 12. Nxb5 Bxf3 13. Qxf3 Nd5 14. Nxd4 Nxe5
15. Qe2 Nxd3 16. Qxd3 1/2-1/2

[Event "8e Open"]
[Site "Saint-Affrique"]
[Date "2000.07.29"]
[Round "9.3"]
[White "Fontaine, Robert"]
[Black "Kosten, Anthony"]
[Result "1/2-1/2"]
[WhiteElo "2449"]
[BlackElo "2524"]
[PlyCount "47"]
[EventDate "2000.07.??"]

1. e4 c5 2. Nf3 d6 3. d4 Nf6 4. Nc3 cxd4 5. Nxd4 a6 6. h3 e6 7. g4 d5 8. exd5
Nxd5 9. Nde2 Bb4 10. Bd2 Nc6 11. Bg2 Nxc3 12. Bxc6+ bxc6 13. Bxc3 Qb6 14. Qd2
c5 15. a3 Bxc3 16. Qxc3 O-O 17. O-O-O Bb7 18. Rhg1 Rad8 19. Nf4 Rd4 20. Ne2 Rd5
21. Nf4 Rd4 22. Ne2 Rdd8 23. Nf4 Rd4 24. Ne2 1/2-1/2

[Event "8e Open"]
[Site "Saint-Affrique"]
[Date "2000.07.29"]
[Round "9.7"]
[White "Vajda, Albert"]
[Black "Todorov, Ognjan"]
[Result "1-0"]
[WhiteElo "2410"]
[BlackElo "2339"]
[PlyCount "39"]
[EventDate "2000.07.??"]

1. e4 c5 2. Nf3 e6 3. d4 cxd4 4. Nxd4 a6 5. Be2 Nf6 6. Nc3 Qc7 7. O-O Nc6 8.
Be3 Be7 9. a4 d6 10. f4 O-O 11. Kh1 Re8 12. Qe1 Bd7 13. Qg3 Nxd4 14. Bxd4 Bc6
15. Bd3 g6 16. f5 e5 17. fxg6 hxg6 18. Be3 d5 19. exd5 Nxd5 20. Rxf7 1-0

[Event "8e Open"]
[Site "Saint-Affrique"]
[Date "2000.07.29"]
[Round "9.8"]
[White "Petit, Eric"]
[Black "Foisor, Ovidiu"]
[Result "1-0"]
[WhiteElo "2249"]
[BlackElo "2404"]
[PlyCount "63"]
[EventDate "2000.07.??"]

1. d4 Nf6 2. c4 e6 3. Nc3 Bb4 4. e3 O-O 5. Nge2 d5 6. a3 Be7 7. cxd5 exd5 8.
Nf4 c6 9. g3 Bd6 10. Nd3 Re8 11. Bg2 Bf5 12. O-O Na6 13. f3 c5 14. Ne2 h5 15.
h3 c4 16. Nf2 Nc7 17. g4 hxg4 18. hxg4 Bd7 19. Nh1 b5 20. Nf4 a5 21. Ng3 Ra6
22. Kf2 g5 23. Nfh5 Nxh5 24. Nxh5 f5 25. gxf5 Bxf5 26. Rg1 Be7 27. f4 Rg6 28.
Ng3 Qd7 29. Qh5 Rf8 30. Bh3 gxf4 31. Nxf5 fxe3+ 32. Bxe3 1-0